000
00226nam a2200097Ia 4500
001
806359
005
20250826171210.0
008
250824s9999 xx 000 0 und d
245
0
_a
GREV
_c
ORHAN KEMAL
260
_b
EVEREST YAYINLARI
999
_c
806359
_d
806359